| 000 | 00821nam a22002537a 4500 | ||
|---|---|---|---|
| 003 | OSt | ||
| 005 | 20260309085142.0 | ||
| 008 | 260309b |||||||| |||| 00| 0 eng d | ||
| 020 | _a978-621-406-364-2 | ||
| 040 |
_aDWCL Main lib _cOC |
||
| 082 | _aFil. 658.8 G182g 2024 | ||
| 100 | _aGalvez, Allan F. | ||
| 245 |
_aThe guide book for managing logistics and distribution _cAllan F. Galvez |
||
| 260 |
_aManila, Philippines: _bMindshapers, _cc2024. |
||
| 300 |
_avi, 440 pages; _c25 cm. |
||
| 504 | _aIncludes bibliographical references. | ||
| 650 | _a1. Logistics and distribution model. | ||
| 650 | _a2. Supply chain management. | ||
| 650 | _a3. Inventory management. | ||
| 650 | _a4. Risk management. | ||
| 700 | _aJhon Ven Saint L. Pasahol | ||
| 700 | _aJohnn C. Teope | ||
| 942 |
_2ddc _cBK - FIL _kFil. _n0 |
||
| 999 |
_c8777 _d8777 |
||